Kant y el idealismo trascendental
保存先:
| 第一著者: | |
|---|---|
| フォーマット: | 図書 |
| 言語: | スペイン語 |
| 出版事項: |
Madrid
Revista de Occidente
1979
|
| シリーズ: | Biblioteca de la Revista de Occidente, 37
|
| 主題: | |
| タグ: |
タグ追加
タグなし, このレコードへの初めてのタグを付けませんか!
|
MARC
| LEADER | 00000nam a2200000 a 4500 | ||
|---|---|---|---|
| 001 | UCW8367 | ||
| 003 | CL-VaPUC | ||
| 008 | 880811e19790000SP |||||||||||||||||spa|d | ||
| 082 | 0 | 4 | |a 142.3 |b ARR |2 21 |
| 100 | 0 | |a Arrillaga Torrens, Rafael |e author |9 313523 | |
| 245 | 1 | 0 | |a Kant y el idealismo trascendental |
| 300 | |a 255 p | ||
| 942 | |c BK | ||
| 945 | |d 19880811 00:00:00 | ||
| 260 | |a Madrid |b Revista de Occidente |c 1979 | ||
| 650 | 0 | |a Kantismo |9 311003 | |
| 583 | |a last modification |c 19880811 00:00:00 |k Rodrigo Vera | ||
| 490 | 0 | |a Biblioteca de la Revista de Occidente, 37 | |
| 999 | |c 220759 |d 220757 | ||
| 952 | |0 0 |1 0 |4 0 |6 142_300000000000000_ARR_1979 |7 0 |8 A |9 213342 |a BIBEDU |b BIBEDU |d 2019-11-15 |i 2817144 |l 2 |o 142.3 ARR 1979 |p 2817144 |r 2024-11-11 |s 2024-10-30 |w 2019-11-15 |y BK |k FIL | ||